| 000 | 00557nam a2200169 a 4500 | ||
|---|---|---|---|
| 008 | 120416s1972 ||||||||||||||||| || u | ||
| 020 | _a0304937738 | ||
| 050 | _aHF 5495 Loc | ||
| 100 | _aLockyer, Keith | ||
| 245 | 1 | 0 | _aStock control: a practical approach |
| 260 |
_aLondon: _bCassell _c1972 |
||
| 300 | _a(4), 137p. : ill. | ||
| 350 | _a0.00 | ||
| 650 | 0 | _aPURCHASING | |
| 650 | _aSTOCK CONTROL SYSTEM | ||
| 995 |
_D0.00 _FCBU-MAIN LIBRARY (Kitwe) _H1 _I2.90 _M1 _UDAMAGED _ZMain Library Open Access Collection |
||
| 999 |
_c58439 _d58439 |
||